000 01515cam a2200133 4500500
005 20260405024835.0
041 _afre
042 _adc
100 1 0 _aPayen, Pascal
_eauthor
245 0 0 _aLa guerre dans le monde grec : VIIIe-Ier siècles av. J.-C.
260 _bArmand Colin,
_c2018.
520 _aContrairement à un lieu commun qui a longtemps prévalu, les Grecs des cités ne passaient pas leur temps à faire la guerre. Parce qu’elle met en jeu le sort de chaque individu et l’existence de la collectivité, la guerre n’est jamais une évidence.Les Grecs n’aimaient pas la guerre, mais ils avaient appris à s’y préparer, au sein de leurs assemblées, dans leur organisation sociale, par des choix concernant l’éducation, dans l’analyse historique et la réflexion philosophique. Sans cesse, les sociétés grecques soumettent la guerre à discussion et remettent en cause son prétendu caractère naturel. La guerre est une construction sociale, reposant sur des valeurs communes et délimitée par un cadre anthropologique. Elle comporte aussi une part d’ombre concernant les formes d’exercice de la violence, toujours organisée à défaut d’être supportable.À travers un ensemble de dossiers classiques et de questions nouvelles ou peu abordées, ce livre renouvelle le regard d’ensemble porté sur la guerre appréhendée comme phénomène culturel.
856 4 1 _uhttps://shs.cairn.info/la-guerre-dans-le-monde-grec--9782200600297?lang=fr&redirect-ssocas=7080
999 _c2141740
_d2141740